Historias de la depresión momposina /

Bibliographic Details
Main Author: Torres Ruidiaz, Edward (Author)
Format: Electronic eBook
Language:Spanish
Published: Santa Marta D.T.C.H. - Colombia : Editorial Unimagdalena, [2023]
Edition:Primera edición.
Subjects:
Online Access:Digitalia Hispánica

MARC

LEADER 00000nam a2200000Ii 4500
001 DIGUNIMAG0178
003 NyNyDIG
006 m o d
007 cr |||||||||||
008 241015s2023 ck o 000 j spa d
035 |a (OCoLC)1446998358 
040 |a DGITA  |b eng  |e rda  |e pn  |c DGITA 
020 |a 9789587466782  |q (pdf) 
020 |a 9789587466799  |q (ePub) 
020 |z 9789587466775  |q (impreso) 
050 1 4 |a PQ8180.43.O778 ebook 
100 1 |a Torres Ruidiaz, Edward,  |e author. 
245 1 0 |a Historias de la depresión momposina /  |c Edward Torres Ruidiaz. 
250 |a Primera edición. 
264 1 |a Santa Marta D.T.C.H. - Colombia :  |b Editorial Unimagdalena,  |c [2023] 
300 |a 1 online resource. 
336 |a text  |b txt  |2 rdacontent 
337 |a computer  |b c  |2 rdamedia 
338 |a online resource  |b cr  |2 rdacarrier 
347 |a text file  |2 rdaft 
347 |b EPUB 
588 0 |a Online resource; title from ePub title page (Digitalia, viewed October 15, 2024) 
655 7 |a Short stories.  |2 lcgft 
776 0 8 |i Print version:  |a Torres Ruidiaz, Edward.  |t Historias de la depresión momposina.  |b Primera edición.  |d Santa Marta D.T.C.H. - Colombia : Editorial Unimagdalena, [2023]  |z 9789587466775 
791 2 |a Digitalia (Firm),  |e distributor. 
793 0 |g Digitalia eBook Collection:  |a Ediciones Unimagdalena 
856 4 0 |3 Digitalia Hispánica  |u https://www.digitaliapublishing.com/a/159155/ 
910 |a Premium collection: 2024